| 000 | 00401nam a2200085Ia 4500 | ||
|---|---|---|---|
| 245 | 0 | _aPromotion of Equality and Prevention of Unfair Discrimination Act 4 of 2000 ; Promotion of Access to Information Act 2 of 2000 ; Promotion of Administrative Justice Act 3 of 2000 & related material | |
| 100 |
_a South Africa Claremont, 2010 _924257 |
||
| 942 | _cBK | ||
| 008 | 210819s9999 xx 000 0 und d | ||
| 999 |
_c296320 _d296318 |
||